000 00626nam a2200217Ia 4500
001 54649
008 140505s9999 xx 000 0 und d
020 _a9780324221061
040 _cPK-LaUMT
082 _a 657.0285
_bGEL-A
100 _aGelinas, Ulric J.
245 _aAcquiring, developing, and implementing
_baccounting information systems
_cGelinas, Ulric J.<>Sutton, Steve G.<>Hunton, James E.
250 _a6th
260 _aAustralia:
_bThomson/South-Western,
_c2005
300 _a136 p.
_eCD
546 _aEN
650 _aAccounting
700 _aHunton, James E.
700 _aSutton, Steve G.
942 _cBK
999 _c52044
_d52044